[Event "Linares"]
[Site "Linares"]
[Date "1988.??.??"]
[Round "?"]
[White "Ljubojevic, Ljubomir"]
[Black "Nikolic, Predrag"]
[Result "1/2-1/2"]
[WhiteElo "2610"]
[BlackElo "2630"]

1.e4 e6 2.d4 d5 3.Nd2 c5 4.Ngf3 Nc6 5.exd5 exd5 6.Bb5 Bd6 7.dxc5 Bxc5 8.Nb3 Bd6
9.O-O Ne7 10.Bg5 O-O 11.Bh4 Bg4 12.Be2 Qb6 13.Bxe7 Nxe7 14.Qd4 Qxd4 15.Nfxd4 Bxe2
16.Nxe2 Be5 17.c3 Rfc8 18.Rfd1 Kf8 19.g3 h5 20.Kg2 g6 21.Ned4 a6 22.Rd2 Rc4
23.Rad1 a5 24.Na1 Bxd4 25.Rxd4 Rxd4 26.Rxd4 Rd8 27.Nc2 Nc6 28.Rd2 Ke7 29.Ne3 d4
30.cxd4 Rxd4 31.Rxd4 Nxd4 32.Nc4 Nc6 33.Kf3  1/2-1/2

[Event "Linares"]
[Site "Linares"]
[Date "1988.??.??"]
[Round "?"]
[White "Nikolic, Predrag"]
[Black "Timman, Jan H"]
[Result "0-1"]
[WhiteElo "2630"]
[BlackElo "2675"]

1.d4 e6 2.c4 Nf6 3.Nf3 b6 4.a3 Ba6 5.Qc2 Bb7 6.Nc3 c5 7.e4 cxd4 8.Nxd4 Bc5
9.Nf3 Nc6 10.Bd3 Ng4 11.O-O Qb8 12.Ne2 O-O 13.h3 Nge5 14.Nxe5 Nxe5 15.Bf4 Qc7
16.Qd2 Qd6 17.Bxe5 Qxe5 18.b4 Be7 19.f4 Qc7 20.Nd4 a6 21.Rac1 a5 22.e5 axb4
23.axb4 g6 24.Be2 Be4 25.Bf3 Bxf3 26.Rxf3 Ra4 27.Nb5 Qc6 28.Rb3 Bxb4 29.Qe2 Rfa8
30.Kh2 Ra2 31.Rc2 Rxc2 32.Qxc2 Bc5 33.Rb1 Ra5 34.Qe2 Ra4 35.Kh1 Bf8 36.Rc1 Rb4
37.Nd4 Qc5 38.Qd3 b5 39.Nb3 Qf2  0-1

[Event "Linares"]
[Site "Linares"]
[Date "1988.??.??"]
[Round "?"]
[White "Nikolic, Predrag"]
[Black "Beliavsky, Alexander G"]
[Result "1/2-1/2"]
[WhiteElo "2630"]
[BlackElo "2645"]

1.d4 d5 2.c4 c6 3.Nc3 Nf6 4.e3 e6 5.Nf3 Nbd7 6.Bd3 dxc4 7.Bxc4 b5 8.Bd3 a6
9.e4 c5 10.d5 c4 11.dxe6 cxd3 12.exd7+ Qxd7 13.O-O Bb7 14.Re1 Be7 15.Bg5 O-O
16.e5 Ng4 17.Bxe7 Qxe7 18.Qxd3 b4 19.Na4 Bxf3 20.Qxf3 Nxe5 21.Qe3 Rfe8 22.f4 Nc6
23.Qxe7 Rxe7 24.Rxe7 Nxe7 25.Rd1 h5 26.Rd4 a5 27.Nb6 Rb8 28.Nc4 g6 29.Kf2 Nf5
30.Rd5 Rc8 31.b3 a4 32.Rb5 axb3 33.axb3 Nd4 34.Rxb4 Nxb3 35.Rxb3 Rxc4  1/2-1/2

[Event "Linares"]
[Site "Linares"]
[Date "1988.??.??"]
[Round "?"]
[White "Nikolic, Predrag"]
[Black "Hjartarson, Johann"]
[Result "1/2-1/2"]
[WhiteElo "2630"]
[BlackElo "2590"]

1.d4 Nf6 2.c4 e6 3.g3 c5 4.d5 exd5 5.cxd5 d6 6.Nc3 g6 7.Bg2 Bg7 8.Nf3 O-O
9.O-O a6 10.a4 Nbd7 11.Bf4 Qc7 12.Rc1 Re8 13.b4 Nh5 14.Bg5 h6 15.Be3 Rxe3
16.fxe3 cxb4 17.Ne4 Qb6 18.Nd4 a5 19.Qc2 f5 20.Nf2 Nc5 21.g4 Nf4 22.gxf5 b3
23.Qc4 Nxg2 24.Kxg2 Bxf5 25.Nxf5 gxf5 26.Qf4 b2 27.Rb1 Qb3 28.e4 Qxa4 29.Qxd6 Nxe4
30.Qe6+ Kh8 31.Rxb2 Bxb2 32.Qxh6+ Kg8 33.Qe6+ Kg7 34.Qxf5 Nf6 35.Rb1 Qd4
36.Nd3 Nxd5 37.Kh1 Ne7 38.Qg5+ Ng6 39.Rxb2 b6 40.Qg1  1/2-1/2

[Event "Linares"]
[Site "Linares"]
[Date "1988.??.??"]
[Round "?"]
[White "Nikolic, Predrag"]
[Black "Georgiev, Kiril"]
[Result "1/2-1/2"]
[WhiteElo "2630"]
[BlackElo "2595"]

1.d4 Nf6 2.c4 e6 3.Nc3 d5 4.Bg5 Be7 5.cxd5 exd5 6.e3 Nbd7 7.Bd3 O-O 8.Qc2 c6
9.Nf3 Re8 10.O-O Nf8 11.h3 g6 12.Rab1 Ne6 13.Bh4 Nh5 14.Bxe7  1/2-1/2

[Event "Linares"]
[Site "Linares"]
[Date "1988.??.??"]
[Round "?"]
[White "Illescas Cordoba, Miguel"]
[Black "Nikolic, Predrag"]
[Result "1/2-1/2"]
[WhiteElo "2495"]
[BlackElo "2630"]

1.e4 e5 2.Nf3 Nc6 3.Bb5 a6 4.Bxc6 dxc6 5.O-O f6 6.d4 exd4 7.Nxd4 c5 8.Nb3 Qxd1
9.Rxd1 Bg4 10.f3 Bd7 11.Bf4 O-O-O 12.Nc3 c4 13.Nd4 Bc5 14.Nd5 Ne7 15.Nxc7 g5
16.Bg3 f5 17.Nd5 Nxd5 18.exd5 Ba4 19.Bf2 Rxd5 20.Ne6 Rxd1+ 21.Rxd1 Be7 22.Rd4 Bb5
23.a4 Bxa4 24.Rxc4+ Bc6 25.Nd4 Rd8 26.h3 Rd5 27.Nxc6 bxc6 28.Rxc6+ Kd7 29.Rc4 Bf6
30.b3 Rd1+ 31.Kh2 f4 32.Ra4 Rd2 33.Rxa6 Be7 34.Bg1 Rxc2 35.Rh6 Rb2 36.Rxh7 Kd8
37.Rh8+ Kc7 38.Re8 Bf6 39.Re6 Bd8 40.Rb6 Kd7 41.Rb5 Ke6 42.Bd4 Rb1 43.b4 Be7
44.Re5+ Kd6 45.Rb5 Ke6 46.Re5+ Kd6 47.Ra5 Ke6 48.Ra6+ Kf7 49.Ra7 Ke6 50.Ra6+ Kf7
51.Bc5 Bf6 52.Rd6 Be5 53.Rd2 Ke6 54.Re2 Kf5 55.Rd2 Ke6 56.Rc2 Kf5 57.Rc4 Ke6
58.Bb6 Bf6 59.Bd4 Be7 60.Bc3 Bd6 61.Rc6 Rc1 62.b5 Rb1 63.h4 gxh4 64.Rb6 Kd5
65.Bd4 h3 66.Kxh3 Rh1+ 67.Kg4 Rh2 68.Bf6 Rxg2+ 69.Kf5 Rg3 70.Rb7 Rxf3 71.Rd7 Re3
72.Bg5 Re5+ 73.Kg4  1/2-1/2

[Event "Thessaloniki ol (Men)"]
[Site "Thessaloniki"]
[Date "1988.??.??"]
[Round "2"]
[White "Nikolic, Predrag"]
[Black "Braga, Fernando"]
[Result "1-0"]
[WhiteElo "2585"]
[BlackElo "2430"]

1.d4 Nf6 2.c4 c5 3.d5 e5 4.Nc3 d6 5.e4 Be7 6.g3 Na6 7.Bg2 Nc7 8.f4 exf4 9.Bxf4 Nd7
10.Nf3 g5 11.Be3 g4 12.Nd2 Ne5 13.Qe2 Bd7 14.Bf4 Bf6 15.h3 h5 16.hxg4 hxg4
17.Rxh8+ Bxh8 18.O-O-O Qf6 19.Rh1 O-O-O 20.Rh6 Ng6 21.e5 dxe5 22.Be3 Qg7
23.Rh5 Na6 24.Nde4 Qf8 25.Qf2 b6 26.Qxf7 Qxf7 27.Nd6+ Kc7 28.Nxf7 Rf8 29.Nxh8 Rxh8
30.Rg5 Rh2 31.Be4  1-0

[Event "Thessaloniki ol (Men)"]
[Site "Thessaloniki"]
[Date "1988.??.??"]
[Round "4"]
[White "Santacruz, Francisco"]
[Black "Nikolic, Predrag"]
[Result "0-1"]
[WhiteElo "2330"]
[BlackElo "2585"]

1.Nf3 d5 2.b3 c5 3.e3 a6 4.Bb2 Nc6 5.c4 d4 6.exd4 cxd4 7.d3 Nf6 8.Be2 g6
9.O-O Bg7 10.Re1 O-O 11.Bf1 b5 12.Na3 Qb6 13.Rb1 Nd7 14.Nc2 b4 15.g3 e5 16.Bg2 h6
17.Nd2 Bb7 18.Ne4 Nd8 19.Rc1 Ne6 20.c5 Ndxc5 21.Nxc5 Nxc5 22.Bxb7 Nxb7 23.a3 a5
24.axb4 axb4 25.Qd2 Ra2 26.Rb1 Nc5 27.Qxb4 Rb8 28.Qc4 Qb5  0-1

[Event "Thessaloniki ol (Men)"]
[Site "Thessaloniki"]
[Date "1988.??.??"]
[Round "5"]
[White "Renet, Olivier"]
[Black "Nikolic, Predrag"]
[Result "0-1"]
[WhiteElo "2440"]
[BlackElo "2585"]

1.e4 d6 2.d4 Nf6 3.Nc3 g6 4.Nf3 Bg7 5.h3 O-O 6.Be3 c6 7.a4 Qc7 8.a5 d5 9.exd5 cxd5
10.Nb5 Qd8 11.Bf4 Nc6 12.Ne5 Ne8 13.a6 Nxe5 14.axb7 Bxb7 15.dxe5 f6 16.Qe2 Qb8
17.exf6 Qxf4 18.fxg7 Rf5 19.g3 Qg5 20.Qd3 Qf6 21.O-O-O Rf3 22.Qd2 Rxf2 23.Be2 Nxg7
24.Rhf1 Rf8 25.Rxf2 Qxf2 26.g4 e5 27.Nd6 Bc6 28.Rf1 Qxf1+  0-1

[Event "Thessaloniki ol (Men)"]
[Site "Thessaloniki"]
[Date "1988.??.??"]
[Round "7"]
[White "Inkiov, Ventzislav"]
[Black "Nikolic, Predrag"]
[Result "0-1"]
[WhiteElo "2485"]
[BlackElo "2585"]

1.d4 Nf6 2.c4 e6 3.Nf3 Bb4+ 4.Nbd2 O-O 5.a3 Be7 6.e3 c5 7.Bd3 d5 8.b3 cxd4
9.exd4 dxc4 10.Nxc4 b5 11.Nce5 Bb7 12.O-O Qd5 13.Bg5 Nc6 14.Nxc6 Bxc6 15.Re1 Rac8
16.b4 a6 17.Rc1 Bb7 18.Rxc8 Rxc8 19.Qb1 h6 20.Bxf6 Bxf6 21.Bh7+ Kh8 22.Be4 Qd7
23.Ne5 Bxe5 24.dxe5 Bxe4 25.Qxe4 Qd2 26.h3 Rc1 27.Rxc1 Qxc1+ 28.Kh2 Qxa3
29.Qa8+ Kh7 30.Qe4+ g6 31.Qf4 Kg8 32.Qd2 Kg7 33.h4 Qb3 34.g3 Qf3 35.Kg1 Qe4
36.Qd6 a5 37.bxa5 Qe1+ 38.Kg2 Qxa5 39.h5 Qa8+ 40.Kg1 gxh5 41.Kh2 Qe4 42.Qc5 b4
43.Qe7 b3 44.Qf6+ Kg8 45.Qd8+ Kh7  0-1

[Event "Thessaloniki ol (Men)"]
[Site "Thessaloniki"]
[Date "1988.??.??"]
[Round "8"]
[White "Karpov, Anatoly"]
[Black "Nikolic, Predrag"]
[Result "1/2-1/2"]
[WhiteElo "2725"]
[BlackElo "2585"]

1.d4 Nf6 2.c4 e6 3.Nf3 b6 4.g3 Ba6 5.b3 Bb4+ 6.Bd2 Bxd2+ 7.Qxd2 c6 8.Bg2 d5
9.O-O O-O 10.Ne5 Nfd7 11.Nd3 dxc4 12.Nb4 Qc8 13.bxc4 Bxc4 14.Rc1 Ba6 15.Nxc6 Nxc6
16.Rxc6 Qd8 17.Rc3 Rc8 18.e3 Qe7 19.Qb2 e5 20.Rxc8 Rxc8 21.Nc3 Nf6 22.Rd1 exd4
23.Rxd4 Bb7 24.Bxb7 Qxb7 25.e4 Qe7 26.Qd2 h6 27.a4 Qc5 28.Nb5 a6 29.Nd6 Rd8
30.Rd3 Qe5 31.Qd1 Ne8 32.Nc4 Rxd3 33.Qxd3 Qa1+ 34.Kg2 Qxa4 35.Nxb6 Qc6 36.Nd5 Qd6
37.Qc4 Nf6 38.Nf4 Qe5 39.f3 Qb2+ 40.Kh3 Qb5 41.Qxb5 axb5 42.Nd3 g5 43.Kg2 h5
44.Kf2 g4 45.Ke3 gxf3 46.Kxf3 Kg7 47.h3 Nh7 48.Nf4 b4  1/2-1/2

[Event "Thessaloniki ol (Men)"]
[Site "Thessaloniki"]
[Date "1988.??.??"]
[Round "10"]
[White "Schussler, Harry"]
[Black "Nikolic, Predrag"]
[Result "1/2-1/2"]
[WhiteElo "2525"]
[BlackElo "2585"]

1.d4 Nf6 2.c4 e6 3.Nf3 Bb4+ 4.Bd2 c5 5.Bxb4 cxb4 6.g3 b6 7.Bg2 Bb7 8.O-O O-O
9.Qb3 a5 10.a3 Na6 11.Nbd2 Rc8 12.Rac1 d6 13.Rfd1 Qe8 14.Qe3 Qa4 15.d5 exd5
16.Qxb6 Nc5 17.axb4 Qxb4 18.Qxb4 axb4 19.Nd4  1/2-1/2

[Event "Thessaloniki ol (Men)"]
[Site "Thessaloniki"]
[Date "1988.??.??"]
[Round "13"]
[White "Nikolic, Predrag"]
[Black "Benjamin, Joel"]
[Result "1/2-1/2"]
[WhiteElo "2585"]
[BlackElo "2560"]

1.d4 Nf6 2.c4 e6 3.Nf3 b6 4.g3 Ba6 5.b3 Bb4+ 6.Bd2 Be7 7.Nc3 O-O 8.e4 d5
9.cxd5 Bxf1 10.Kxf1 exd5 11.e5 Ne4 12.Kg2 Qd7 13.h4 Nc6 14.Ne2 f6 15.Be3  1/2-1/2

[Event "Thessaloniki ol (Men)"]
[Site "Thessaloniki"]
[Date "1988.??.??"]
[Round "14"]
[White "Mascarinas, Rico"]
[Black "Nikolic, Predrag"]
[Result "0-1"]
[WhiteElo "2455"]
[BlackElo "2585"]

1.d4 d5 2.Nf3 Nf6 3.Bg5 h6 4.Bh4 c6 5.e3 Qb6 6.Qc1 Bf5 7.Nbd2 Nbd7 8.c4 e6
9.Be2 Be7 10.O-O O-O 11.Ne5 Rfe8 12.Bxf6 Nxf6 13.c5 Qc7 14.Bd3 Ng4 15.Bxf5 exf5
16.Ndf3 Nxe5 17.Nxe5 Bf6 18.Nd3 Re4 19.Qd1 Rae8 20.Rc1 g5 21.g3 f4 22.gxf4 gxf4
23.Qg4+ Kh8 24.Qf5 Bg5 25.Ne5 R8xe5 26.dxe5 fxe3 27.Rc2 Rxe5 28.Qf3 exf2+
29.Rfxf2 Be3 30.Kf1 Bxf2 31.Qf6+ Kg8 32.Rxf2 Rg5 33.Re2 Qc8 34.Ke1 Rg6 35.Qd4 Kh7
36.Qf4 Qf8 37.Kd1 Qg7 38.Kc2 Rf6 39.Qe5 Qg6+ 40.Kc3 Re6  0-1

[Event "Tilburg"]
[Site "Tilburg"]
[Date "1988.??.??"]
[Round "?"]
[White "Short, Nigel D"]
[Black "Nikolic, Predrag"]
[Result "1/2-1/2"]
[WhiteElo "2665"]
[BlackElo "2585"]

1.e4 e5 2.Nf3 Nc6 3.Bb5 a6 4.Ba4 Nf6 5.O-O Be7 6.Re1 b5 7.Bb3 O-O 8.c3 d6
9.h3 Be6 10.d4 Bxb3 11.Qxb3 d5 12.exd5 Na5 13.Qc2 exd4 14.cxd4 Nxd5 15.Nc3 c6
16.b3 Bb4 17.Bd2 Bxc3 18.Bxc3 Nb7 19.Bd2 Qd6 20.Rac1 Rac8 21.Qf5 Rfd8 22.Rc2 f6
23.Rec1 Re8 24.Ne1 Qe6 25.Qf3 Nd8 26.Nd3 Qe4 27.Qxe4 Rxe4 28.Nc5 Rxd4 29.Ba5 Nf4
30.Nxa6 Nd3 31.Rd1 Ne6 32.Bb6 Rd5 33.a4 bxa4 34.bxa4 Ra8 35.Rxc6 Rxa6 36.Rxe6 Rxa4
37.Re7 Ra8 38.g3 Kf8 39.Rb7 Re8 40.Be3 Red8  1/2-1/2

[Event "Tilburg"]
[Site "Tilburg"]
[Date "1988.??.??"]
[Round "?"]
[White "Huebner, Robert"]
[Black "Nikolic, Predrag"]
[Result "1/2-1/2"]
[WhiteElo "2600"]
[BlackElo "2585"]

1.e4 e5 2.Nf3 Nc6 3.Bb5 a6 4.Ba4 Nf6 5.O-O Be7 6.Re1 b5 7.Bb3 O-O 8.c3 d6
9.h3 Be6 10.d4 Bxb3 11.Qxb3 d5 12.exd5 Na5 13.Qc2 exd4 14.cxd4 Nxd5 15.Nc3 c6
16.Ne4 Rc8 17.b3  1/2-1/2

[Event "Tilburg"]
[Site "Tilburg"]
[Date "1988.??.??"]
[Round "?"]
[White "Karpov, Anatoly"]
[Black "Nikolic, Predrag"]
[Result "1-0"]
[WhiteElo "2725"]
[BlackElo "2585"]

1.d4 Nf6 2.c4 e6 3.Nf3 b6 4.g3 Ba6 5.b3 Bb7 6.Bg2 Bb4+ 7.Bd2 a5 8.O-O O-O
9.Qc2 c5 10.Rd1 Na6 11.Be3 a4 12.Nc3 axb3 13.axb3 d5 14.Na4 h6 15.Qb2 Re8
16.Ne5 Rb8 17.Nd3 dxc4 18.Bxb7 Rxb7 19.bxc4 Qe7 20.Naxc5 bxc5 21.Rxa6 Ng4
22.Qc1 cxd4 23.Bxd4 e5 24.Ba1 e4 25.Nxb4 Rxb4 26.c5 Rb5 27.Rad6 Qg5 28.h3 Nxf2
29.Kxf2 e3+ 30.Kg2 Rxc5 31.Qb1 Rb5 32.h4 Qh5 33.Qd3 Rf5 34.Rf1 Rxf1 35.Kxf1 Qg4
36.Kg2  1-0

[Event "Tilburg"]
[Site "Tilburg"]
[Date "1988.??.??"]
[Round "?"]
[White "Nikolic, Predrag"]
[Black "Hjartarson, Johann"]
[Result "1/2-1/2"]
[WhiteElo "2585"]
[BlackElo "2610"]

1.d4 Nf6 2.c4 e6 3.Nf3 d5 4.Nc3 Be7 5.cxd5 exd5 6.Bg5 c6 7.Qc2 g6 8.e3 Bf5
9.Bd3 Bxd3 10.Qxd3 O-O 11.Bxf6 Bxf6 12.b4 a6 13.O-O Be7 14.Rab1 Nd7 15.Na4 Rc8
16.Nc5 Rc7 17.a4 Bd6 18.Rfc1 Qe7 19.Qb3 Bxc5 20.bxc5 Re8 21.Qc2 Nf8 22.Ne5 f6
23.Nd3 Qd8 24.Rb3 Ne6 25.Rcb1 Qc8 26.Qd1 Nd8 27.Qf3 Rf7 28.Qg3 Qf5 29.Qf4 Qxf4
30.Nxf4 Rd7 31.Kf1 Ree7 32.Ke2 Kf8 33.Kd2 Ke8 34.g4 Nf7 35.h4 Kf8 36.Rg1 Kg7
37.g5 Re8 38.Rbb1 Nd8 39.Rg3 Ne6 40.Nd3 Rf8 41.f4 Kf7 42.gxf6 Kxf6 43.Ne5 Rc7
44.Rbg1 a5 45.R3g2 Rb8 46.Rb1 Ng7 47.Kd3 Re8 48.Rg5 Re6 49.Rbg1 Re8 50.Ng4+ Kf7
51.Re5 Ree7 52.Nh2 Kf6 53.Nf3 Nf5 54.Rg5 h5 55.Rg1 Rcd7 56.Rg2 Rc7 57.Rh2 Rc8
58.Rb2 Rcc7 59.Rg2  1/2-1/2

[Event "Tilburg"]
[Site "Tilburg"]
[Date "1988.??.??"]
[Round "?"]
[White "Timman, Jan H"]
[Black "Nikolic, Predrag"]
[Result "1-0"]
[WhiteElo "2660"]
[BlackElo "2585"]

1.d4 Nf6 2.c4 e6 3.Nf3 Bb4+ 4.Bd2 Bxd2+ 5.Qxd2 d5 6.g3 O-O 7.Bg2 c6 8.O-O Qe7
9.Rc1 Rd8 10.Qe3 Bd7 11.Nbd2 Be8 12.a3 a5 13.Qf4 Na6 14.g4 c5 15.g5 Ne4 16.cxd5 exd5
17.e3 Rac8 18.Nxe4 dxe4 19.Nh4 cxd4 20.Nf5 Qe6 21.Rxc8 Rxc8 22.Qxe4 Rc5 23.Qxe6 fxe6
24.Nxd4 Rxg5 25.Nxe6 Rb5 26.Rc1 Rxb2 27.Bd5 Kf7 28.Nd8+ Ke7 29.Nxb7 a4 30.Rc4 Rb6
31.h4 h6 32.Kh2 g5 33.hxg5 hxg5 34.Re4+ Kf8 35.Nd8 Nc7 36.Ne6+ Nxe6 37.Rxe6 Rb2
38.Kg3 Rb1 39.Bc6 Bf7 40.Re5 Bb3 41.Ra5 Rg1+ 42.Kh2 Rg4 43.Bd5 Bd1 44.f3 Rh4+
45.Kg3 Rh1 46.Bc4 Ke7 47.Bb5 g4 48.Kxg4  1-0

[Event "Tilburg"]
[Site "Tilburg"]
[Date "1988.??.??"]
[Round "?"]
[White "Nikolic, Predrag"]
[Black "Huebner, Robert"]
[Result "1-0"]
[WhiteElo "2585"]
[BlackElo "2600"]

1.d4 d5 2.c4 dxc4 3.Nf3 Nf6 4.Nc3 c6 5.a4 Bg4 6.Ne5 Bh5 7.h3 e6 8.g4 Bg6
9.Bg2 Bb4 10.O-O Nd5 11.Na2 Be7 12.e4 Nb4 13.Nxb4 Bxb4 14.f4 f6 15.Nxg6 hxg6
16.Be3 Nd7 17.Qc2 Qe7 18.Qxc4 c5 19.Rac1 cxd4 20.Qxd4 Ba5 21.Qd3 a6 22.Rfd1 Rd8
23.Qb3 Nb8 24.Rxd8+ Bxd8 25.e5 fxe5 26.fxe5 Kf7 27.Bc5 Qd7 28.Rd1 Qc8 29.Bd6 Nc6
30.Be4 Rh6 31.g5 Rh5 32.Rf1+ Kg8 33.Rf8+ Kh7 34.Bxg6+ Kxg6 35.Qd3+  1-0

[Event "Tilburg"]
[Site "Tilburg"]
[Date "1988.??.??"]
[Round "?"]
[White "Nikolic, Predrag"]
[Black "Karpov, Anatoly"]
[Result "1/2-1/2"]
[WhiteElo "2585"]
[BlackElo "2725"]

1.d4 Nf6 2.c4 e6 3.Nf3 b6 4.g3 Ba6 5.b3 Bb4+ 6.Bd2 Be7 7.Nc3 O-O 8.e4 d5
9.cxd5 Bxf1 10.Kxf1 exd5 11.e5 Ne4 12.Kg2 Qd7 13.Rc1 Nxc3 14.Rxc3 a5 15.h4 Bb4
16.Rc2 Na6 17.Be3 Be7 18.Ng5 h6 19.Rc1 Ba3 20.Ra1 Rfe8 21.Qf3 c5 22.Rad1 Nc7
23.Nh3 cxd4 24.Bxd4 Bc5 25.Qd3 Rad8 26.f4 Bxd4 27.Qxd4 Nb5 28.Qd3 d4 29.Nf2 Nc3
30.Rd2 a4 31.bxa4 Qxa4 32.Rc1 b5 33.Qf3 Rc8 34.Nd3 Qa8 35.Qxa8 Rxa8 36.Rcc2 Ra3
37.Nc1 Ne4 38.Rd3 Rea8 39.Rb3 Nc3 40.Rxa3 Rxa3 41.Nb3 Rxa2  1/2-1/2

[Event "Tilburg"]
[Site "Tilburg"]
[Date "1988.??.??"]
[Round "?"]
[White "Nikolic, Predrag"]
[Black "Portisch, Lajos"]
[Result "1-0"]
[WhiteElo "2585"]
[BlackElo "2630"]

1.d4 Nf6 2.c4 e6 3.Nf3 b6 4.g3 Ba6 5.b3 Bb4+ 6.Bd2 Be7 7.Nc3 d5 8.cxd5 Nxd5
9.e4 Nxc3 10.Bxc3 Bb7 11.Bb5+ c6 12.Bd3 Nd7 13.O-O O-O 14.Qc2 c5 15.d5 exd5
16.exd5 g6 17.Rad1 a6 18.a4 Bf6 19.Bc4 Re8 20.Rfe1 Rxe1+ 21.Rxe1 Qf8 22.Ne5 Nxe5
23.Bxe5 Bxe5 24.Rxe5 Qd6 25.f4 Kg7 26.Qc3 Kg8 27.h4 h5 28.f5 b5 29.fxg6 bxc4
30.gxf7+ Kf8 31.Re6  1-0

[Event "Tilburg"]
[Site "Tilburg"]
[Date "1988.??.??"]
[Round "?"]
[White "Nikolic, Predrag"]
[Black "Short, Nigel D"]
[Result "1/2-1/2"]
[WhiteElo "2585"]
[BlackElo "2665"]

1.d4 Nf6 2.c4 e6 3.Nc3 Bb4 4.Qc2 O-O 5.a3 Bxc3+ 6.Qxc3 b6 7.Bg5 Bb7 8.e3 d6
9.f3 Nbd7 10.Bd3 c5 11.Ne2 Rc8 12.Qd2 h6 13.Bh4 cxd4 14.exd4 Ba6 15.Rc1 d5
16.b3 dxc4 17.bxc4 e5 18.O-O exd4 19.Ng3 Nc5 20.Nh5 Nfe4 21.Qe1 Ng5 22.Bf5 d3
23.Qc3 f6 24.Bxc8 Bxc8 25.Rcd1 Nge6 26.Bf2 Qd6 27.Rfe1 Rd8 28.Ng3 Nf4 29.Be3 Be6
30.Kh1 Kf7 31.Bxf4  1/2-1/2

[Event "Tilburg"]
[Site "Tilburg"]
[Date "1988.??.??"]
[Round "?"]
[White "Nikolic, Predrag"]
[Black "Timman, Jan H"]
[Result "1/2-1/2"]
[WhiteElo "2585"]
[BlackElo "2660"]

1.d4 Nf6 2.c4 e6 3.Nf3 d5 4.Nc3 Be7 5.cxd5 exd5 6.Bg5 c6 7.Qc2 Nbd7 8.e3 Nh5
9.Bxe7 Qxe7 10.h3 g6 11.O-O-O Nb6 12.Bd3 Be6 13.Kb1 Ng7 14.g4 O-O-O 15.Na4 Nxa4
16.Qxa4 Kb8 17.Rc1 Bd7 18.Rc5 Be8 19.Rhc1 Ne6 20.R5c3 f6 21.h4 Rc8 22.Ra3 b6
23.Rac3 Rc7 24.Qc2 Rf8 25.Qd2 Qd6 26.a3 Bd7 27.Rg1 Bc8 28.Rg3 c5 29.dxc5 bxc5
30.h5 gxh5 31.gxh5 f5 32.Rg1 Bb7 33.Bc2 Rd7 34.Ba4 Rdd8 35.Rcc1 f4 36.Ng5 fxe3
37.fxe3 Nxg5 38.Rxg5 Qe7 39.Qh2+ Ka8 40.Qe5 Qxe5 41.Rxe5 d4 42.Rexc5 Be4+
43.Ka2 d3 44.Bc6+ Bxc6 45.Rxc6 Rfe8 46.Rd1 Rd7 47.Rd2 Rxe3 48.Rc5 Kb7 49.b4 Re2  1/2-1/2

[Event "Tilburg"]
[Site "Tilburg"]
[Date "1988.??.??"]
[Round "?"]
[White "Nikolic, Predrag"]
[Black "Van der Wiel, John TH"]
[Result "1/2-1/2"]
[WhiteElo "2585"]
[BlackElo "2540"]

1.d4 d5 2.Nf3 Nf6 3.c4 c6 4.Nc3 e6 5.e3 Nbd7 6.Bd3 dxc4 7.Bxc4 b5 8.Bd3 a6
9.e4 c5 10.d5 c4 11.dxe6 cxd3 12.exd7+ Qxd7 13.O-O Bb7 14.Re1 Be7 15.Bg5 Rd8
16.Bxf6 Bxf6 17.Nd5 Bxd5 18.exd5+ Kf8 19.Qxd3 Qxd5 20.Qa3+ Qd6 21.Qb3 Qd5
22.Red1 Qxb3 23.Rxd8+ Ke7 24.Rxh8 Qxb2 25.Rd1 Qxa2 26.h3 b4 27.Rb8 a5 28.Rb7+ Ke6
29.g4 Qb3 30.Rb6+ Ke7 31.Rb7+ Ke6 32.Rb6+  1/2-1/2

[Event "World Cup"]
[Site "Barcelona"]
[Date "1989.??.??"]
[Round "?"]
[White "Vaganian, Rafael A"]
[Black "Nikolic, Predrag"]
[Result "1/2-1/2"]
[WhiteElo "2600"]
[BlackElo "2605"]

1.c4 e5 2.Nc3 Nc6 3.Nf3 f5 4.d4 e4 5.Bg5 Be7 6.Bxe7 Ncxe7 7.Ng1 Nf6 8.e3 d6
9.h4 c6 10.Nh3 Be6 11.Be2 Bf7 12.Ng5 O-O 13.Qb3 Qb6 14.f3 d5 15.fxe4 fxe4
16.Qxb6 axb6 17.Rf1 h6 18.Nxf7 Kxf7 19.cxd5 Nxd5 20.Nxd5 cxd5 21.Kd2 Ke7
22.a3 Rac8 23.a4 Kd6 24.Rf4 Nh7 25.Raf1 Rxf4 26.Rxf4 Rf8 27.Rxf8 Nxf8 28.Bg4 b5
29.axb5 Nh7 30.h5 Nf6 31.Be2 b6 32.Kc1 Ke6 33.g4  1/2-1/2

[Event "Belgrade"]
[Site "Belgrade"]
[Date "1989.??.??"]
[Round "?"]
[White "Nikolic, Predrag"]
[Black "Jussupow, Artur"]
[Result "1/2-1/2"]
[WhiteElo "2600"]
[BlackElo "2610"]

1.d4 Nf6 2.c4 e6 3.Nf3 d5 4.Nc3 Be7 5.Bg5 O-O 6.e3 h6 7.Bh4 Ne4 8.Bxe7 Qxe7
9.Rc1 c6 10.Bd3 Nxc3 11.Rxc3 dxc4 12.Bxc4 Nd7 13.O-O e5 14.Bb3 Re8 15.d5 cxd5
16.Qxd5 Nf6 17.Qc5 Ne4 18.Qxe7 Rxe7 19.Rc2 Ng5 20.Nxg5 hxg5 21.Rd1 Bf5 22.Rc3 Kf8
23.Kf1 Rc8 24.Rxc8+ Bxc8 25.Rd8+  1/2-1/2

[Event "Belgrade"]
[Site "Belgrade"]
[Date "1989.??.??"]
[Round "?"]
[White "Nikolic, Predrag"]
[Black "Ljubojevic, Ljubomir"]
[Result "1/2-1/2"]
[WhiteElo "2600"]
[BlackElo "2635"]

1.d4 d5 2.c4 dxc4 3.Nf3 Nf6 4.e3 e6 5.Bxc4 c5 6.O-O a6 7.dxc5 Bxc5 8.Qxd8+ Kxd8
9.b3 b5 10.Be2 Bb7 11.Bb2 Ke7 12.Nbd2 Rc8 13.a4 b4 14.Rac1 Nbd7 15.Rc2 Bb6
16.Rfc1 Rxc2 17.Rxc2 Rc8 18.Rxc8 Bxc8 19.Kf1  1/2-1/2

[Event "Belgrade"]
[Site "Belgrade"]
[Date "1989.??.??"]
[Round "?"]
[White "Nikolic, Predrag"]
[Black "Short, Nigel D"]
[Result "1/2-1/2"]
[WhiteElo "2600"]
[BlackElo "2660"]

1.d4 Nf6 2.c4 e6 3.Nf3 d5 4.Nc3 Be7 5.Bg5 h6 6.Bh4 O-O 7.e3 b6 8.Be2 Bb7
9.Bxf6 Bxf6 10.cxd5 exd5 11.O-O Re8 12.b4 c6 13.Qb3 Qd6 14.a4 Nd7 15.a5 Rad8
16.axb6 axb6 17.Ra7 Qb8 18.Rfa1 b5 19.Ne1 Nb6 20.Nd3 Na4 21.Ra5 Bxd4 22.exd4 Nxc3
23.Qxc3 Rxe2 24.Ne5 f6 25.Qd3 Rb2 26.Qc3 Re2 27.Qd3 Rb2  1/2-1/2

[Event "Belgrade"]
[Site "Belgrade"]
[Date "1989.??.??"]
[Round "?"]
[White "Popovic, Petar"]
[Black "Nikolic, Predrag"]
[Result "1/2-1/2"]
[WhiteElo "2550"]
[BlackElo "2600"]

1.e4 e5 2.Nf3 Nc6 3.Bb5 a6 4.Ba4 Nf6 5.O-O Be7 6.Re1 b5 7.Bb3 O-O 8.c3 d6
9.h3 Be6 10.d4 Bxb3 11.Qxb3 d5 12.exd5 Na5 13.Qc2 exd4 14.cxd4 Nxd5 15.Nc3 c6
16.Ne4 Rc8 17.b3 Nb7 18.Bd2 c5 19.dxc5 Nxc5 20.Rad1  1/2-1/2

[Event "Belgrade"]
[Site "Belgrade"]
[Date "1989.??.??"]
[Round "?"]
[White "Timman, Jan H"]
[Black "Nikolic, Predrag"]
[Result "1/2-1/2"]
[WhiteElo "2635"]
[BlackElo "2600"]

1.d4 Nf6 2.c4 e6 3.Nf3 b6 4.g3 Ba6 5.Nbd2 d5 6.Bg2 Bd6 7.O-O O-O 8.b3 c5
9.Bb2 Nc6 10.Re1 cxd4 11.Nxd4 Nxd4 12.Bxd4 Bb7 13.cxd5 Nxd5 14.e4 Nb4 15.Nc4 Be7
16.a3 Nc6 17.Bb2 Qxd1 18.Rexd1 Rfd8 19.e5 Na5 20.Nxa5 Bxg2 21.Kxg2 bxa5 22.Bc3 Rxd1
23.Rxd1 Bxa3 24.Bxa5 h5 25.Bc7 a5 26.Rd8+ Rxd8 27.Bxd8 Bb4 28.f3 Kf8 29.g4 Ke8
30.Bg5 Bc3 31.gxh5 Bxe5 32.Bd2 Bc7 33.h6 gxh6 34.Bxh6 f5 35.h4 Kf7 36.h5 Kf6
37.Kf2 Bd6 38.Ke3 e5 39.Kd3 f4 40.Ke4 Bb4 41.Kd5 Be7 42.Ke4  1/2-1/2

[Event "Belgrade"]
[Site "Belgrade"]
[Date "1989.??.??"]
[Round "?"]
[White "Ehlvest, Jaan"]
[Black "Nikolic, Predrag"]
[Result "1/2-1/2"]
[WhiteElo "2620"]
[BlackElo "2600"]

1.e4 e6 2.d4 d5 3.Nc3 Bb4 4.e5 c5 5.a3 Bxc3+ 6.bxc3 Ne7 7.Nf3 b6 8.Bb5+ Bd7
9.Bd3 Qc7 10.O-O Ba4 11.Re1 h6 12.Ra2 Nd7 13.Nh4 O-O-O 14.g3 Kb8 15.Rb2 Ka8
16.Ng2 Nc6 17.Qg4 Rhg8 18.Be3 c4 19.Bf1 f5 20.exf6 Nxf6 21.Qxe6 Rge8 22.Qf5 Ne4
23.Nf4 Qd6 24.Bh3 Nb8 25.Bg2 Bc6 26.Ra2 Nxc3 27.Raa1 g5 28.Ne2 Bd7 29.Qf7 Re7
30.Qh5 Be8 31.Qh3 Ne4 32.Bxe4 Rxe4 33.Nc3 Re7 34.Bd2 Bd7 35.Qg2 Bc6 36.Rxe7 Qxe7
37.a4 Qh7 38.Rc1 Qf5 39.h3 Bb7 40.Be3 Nc6 41.g4 Qf6 42.Rd1 Ne7 43.Qg3 Ng6
44.a5  1/2-1/2

[Event "Hastings8990"]
[Site "Hastings"]
[Date "1989.??.??"]
[Round "?"]
[White "Chandler, Murray G"]
[Black "Nikolic, Predrag"]
[Result "1/2-1/2"]
[WhiteElo "2585"]
[BlackElo "2600"]

1.e4 e6 2.d4 d5 3.Nc3 Bb4 4.e5 c5 5.a3 Bxc3+ 6.bxc3 Ne7 7.Nf3 b6 8.a4 Ba6
9.Bb5+ Bxb5 10.axb5 a5 11.dxc5 bxc5 12.c4 Nd7 13.cxd5 exd5 14.O-O O-O 15.Re1 Nb6
16.e6 f6 17.Ba3 Rc8 18.Nd2 a4 19.Rc1 Re8 20.c4 Nf5 21.Qh5 g6 22.Qg4 Qd6 23.h4 Rxe6
24.Rxe6 Qxe6 25.cxd5 Qxd5 26.Ne4 Kg7 27.Bb2 Nd4 28.Nxc5 Rxc5 29.Rxc5 Qxc5
30.Bxd4 Qxb5 31.Qe6 Nd5 32.Bxf6+ Nxf6 33.Qe7+ Kg8 34.Qe6+ Kg7 35.Qe7+ Kg8
36.Qe6+ Kg7  1/2-1/2

[Event "Hastings8990"]
[Site "Hastings"]
[Date "1989.??.??"]
[Round "?"]
[White "Gulko, Boris F"]
[Black "Nikolic, Predrag"]
[Result "0-1"]
[WhiteElo "2610"]
[BlackElo "2600"]

1.d4 d5 2.c4 dxc4 3.Nf3 a6 4.e3 Nf6 5.Bxc4 e6 6.Qe2 c5 7.dxc5 Bxc5 8.O-O Nc6
9.e4 b5 10.Bb3 e5 11.Be3 Bxe3 12.Qxe3 O-O 13.Nbd2 Qe7 14.Rac1 Bb7 15.Rc5 Nd7
16.Rc3 Rfc8 17.Rfc1 Nd8 18.Rxc8 Rxc8 19.Rxc8 Bxc8 20.Qc3 Bb7 21.Qc7 Kf8 22.Bd5 Nc5
23.Qxe5 Qxe5 24.Nxe5 Bxd5 25.exd5 Ke7 26.b4 Na4 27.Ne4 f5 28.Nc5 Kd6 29.Nxa4 Kxe5
30.Nc5 Kxd5 31.Nxa6 Kc4 32.f4 Nc6 33.a3 Kb3 34.Nc7 Na7 35.Kf2 Kxa3 36.Nd5 Nc6
37.g4 fxg4 38.Kg3 Kb3 39.Kxg4 Nxb4 40.Nc7 Kc4 41.Kf5 Nd3 42.Na6 Nc5  0-1